[Event "FINAL MISTRZOSTW POLSKI JUNIOROW 2018 - GRUPA  D16"]
[Site "Jastrzebia Gora"]
[Date "1899-12-30"]
[Round "2.6"]
[White "Harazinska, Magdalena"]
[Black "Skiba, Aleksandra"]
[Result "1-0"]
[WhiteTitle "k"]
[BlackTitle "I+"]
[WhiteElo "2053"]
[BlackElo "1734"]

1. d4 Nf6 2. c4 c5 3. d5 e6 4. Nc3 exd5 5. cxd5 d6 6. e4 g6 7. f4 Bg7 8. Bb5+ Nfd7
9. Bd3 a6 10. a4 O-O 11. Nf3 Nf6 12. O-O Nbd7 13. Kh1 Re8 14. Qc2 Rb8 15. Bd2
Qc7 16. b3 b6 17. Rae1 Bb7 18. Bc4 Re7 19. Qd3 Ra8 20. e5 Ng4 21. Ne4 Bxe5 22.
fxe5 Ndxe5 23. Nxe5 Nxe5 24. Nf6+ Kh8 25. Qh3 h5 26. Qe3 Nxc4 27. Qh6# 1-0

[Event "FINAL MISTRZOSTW POLSKI JUNIOROW 2018 - GRUPA  D16"]
[Site "Jastrzebia Gora"]
[Date "1899-12-30"]
[Round "2.7"]
[White "Chomicka, Kinga"]
[Black "Czarniecka, Aleksandra"]
[Result "0-1"]
[WhiteTitle "I"]
[BlackTitle "k"]
[WhiteElo "1398"]
[BlackElo "2015"]

1. e4 c5 2. Nc3 Nc6 3. g3 Rb8 4. Bg2 b5 5. a3 g6 6. d3 a5 7. Be3 b4 8. axb4 axb4
9. Nce2 d6 10. f4 Bd7 11. Nf3 Bg7 12. d4 cxd4 13. Nexd4 Nf6 14. Nd2 Ng4 15. Nxc6
Nxe3 16. Nxd8 Nxd1 17. Rxd1 Rxd8 18. b3 O-O 19. O-O Bb5 20. Rfe1 Bd4+ 21. Kh1
Bf2 22. Nf3 Bxe1 23. Nxe1 Rc8 24. Rd4 Ra8 25. Kg1 Rfb8 26. Rxb4 Bd7 27. Rd4 Ra1
28. Kf2 Rc8 29. e5 Bf5 30. exd6 exd6 31. Be4 Bxe4 32. Rxe4 Kf8 33. Rd4 Ke7 34.
Rb4 Kf6 35. Rd4 Ke6 36. Re4+ Kd7 37. Rb4 Ra2 38. Ke3 Rc7 39. Kd3 Rc5 40. Re4 f6
41. h3 Ra1 42. c4 d5 43. cxd5 Rxd5+ 44. Kc4 Rad1 45. b4 Kd6 46. Re8 Rc1+ 47. Kb3
Rb1+ 48. Kc4 Rc1+ 49. Kb3 Kd7 50. Re4 Rdd1 51. Nc2 Rd3+ 52. Kb2 Rg1 53. g4 Rxh3
54. f5 Rg2 55. Rc4 gxf5 56. gxf5 Rf3 57. Rc5 h5 58. b5 Rff2 59. Rd5+ Kc7 60. b6+
Kxb6 61. Rd6+ Kc7 62. Rxf6 Rxc2+ 63. Kb3 Rcf2 0-1

[Event "FINAL MISTRZOSTW POLSKI JUNIOROW 2018 - GRUPA  D16"]
[Site "Jastrzebia Gora"]
[Date "1899-12-30"]
[Round "2.8"]
[White "Swiech, Joanna"]
[Black "Furtak, Joanna"]
[Result "0-1"]
[WhiteTitle "k"]
[BlackTitle "I++"]
[WhiteElo "1995"]
[BlackElo "1683"]

1. d4 d5 2. c4 e6 3. Nc3 Nf6 4. Nf3 Bb4 5. Bg5 h6 6. Bxf6 Qxf6 7. e3 O-O 8. Bd3
c5 9. cxd5 cxd4 10. Nxd4 exd5 11. Rc1 Nc6 12. Nxc6 bxc6 13. O-O Rb8 14. Qe2 Re8
15. Qd2 Qg5 16. Rfd1 Bg4 17. Be2 Bf5 18. Bf3 Re6 19. a3 Bd6 20. Ne2 Rf6 21. g3
Be5 22. b4 Re8 23. Bg2 Qh5 24. Nd4 Bxd4 25. Qxd4 Re4 26. Qxa7 Bg4 27. Rd2 Bh3
28. Bxh3 Qxh3 29. f4 Rfe6 30. Rc3 h5 31. Qa8+ Kh7 32. Rxc6 Rxf4 33. Rf2 0-1

[Event "FINAL MISTRZOSTW POLSKI JUNIOROW 2018 - GRUPA  D16"]
[Site "Jastrzebia Gora"]
[Date "1899-12-30"]
[Round "2.9"]
[White "Jarocka, Liwia"]
[Black "Karlyk, Maria"]
[Result "1/2-1/2"]
[WhiteTitle "FM"]
[BlackTitle "I"]
[WhiteElo "1989"]
[BlackElo "1636"]

1. e4 d5 2. exd5 Nf6 3. Nf3 Bg4 4. Bb5+ Nbd7 5. h3 Bf5 6. Nc3 a6 7. Bxd7+ Qxd7
8. Ne5 Qd6 9. d4 Nxd5 10. Qf3 e6 11. O-O f6 12. Nxd5 Qxd5 13. Qxd5 exd5 14. Re1
Be7 15. Nf3 Bxc2 16. Bf4 c6 17. Re2 Bd3 18. Re3 Be4 19. Nd2 g5 20. Bh2 Kf7 21.
Nxe4 dxe4 22. Rxe4 Rad8 23. g4 Rd7 24. Rc1 Rhd8 25. Rc4 Bd6 26. Bxd6 Rxd6 27.
Kf1 Re6 28. Rxe6 Kxe6 29. Ke2 Kd5 30. Kd3 Re8 31. Rc5+ Ke5 32. Ke4+ 1/2-1/2

[Event "FINAL MISTRZOSTW POLSKI JUNIOROW 2018 - GRUPA  D16"]
[Site "Jastrzebia Gora"]
[Date "1899-12-30"]
[Round "2.10"]
[White "Waszczuk, Patrycja"]
[Black "Koruch, Maria"]
[Result "1-0"]
[WhiteTitle "k"]
[BlackTitle "I"]
[WhiteElo "1927"]
[BlackElo "1627"]

1. e4 c5 2. Nf3 Nc6 3. d4 cxd4 4. Nxd4 g6 5. c4 Bg7 6. Be3 Nf6 7. Nc3 O-O 8. Be2
d6 9. Qd2 Bd7 10. O-O Nxd4 11. Bxd4 Bc6 12. f3 a5 13. b3 Nd7 14. Be3 Nc5 15. Rab1
Qb6 16. Nd5 Bxd5 17. exd5 Qb4 18. Qc1 Qc3 19. Qxc3 Bxc3 20. a3 a4 21. b4 Nb3 22.
Rfd1 Rfc8 23. f4 Bg7 24. Kf2 b5 25. cxb5 Rc2 26. Kf1 Ra2 27. Bc4 Rxa3 28. Rd3
Ra1 29. Rxa1 Nxa1 30. Rd2 Nb3 31. Ra2 Nd4 32. b6 Nf5 33. Bf2 Rb8 34. g4 Nd4 35.
Rxa4 Nf3 36. Kg2 Nd2 37. Bd3 Nb3 38. Ra7 f5 39. b7 Kf7 40. Ba6 Bd4 41. Bxd4 Nxd4
42. Ra8 1-0

[Event "FINAL MISTRZOSTW POLSKI JUNIOROW 2018 - GRUPA  D16"]
[Site "Jastrzebia Gora"]
[Date "1899-12-30"]
[Round "2.11"]
[White "Pyzio, Amelia"]
[Black "Hryn, Zofia"]
[Result "0-1"]
[WhiteTitle "I++"]
[BlackTitle "I++"]
[WhiteElo "1780"]
[BlackElo "1574"]

1. e4 c5 2. Nf3 Nc6 3. d4 cxd4 4. Nxd4 Nf6 5. Nc3 d6 6. Be2 e5 7. Nb3 Be6 8. Bg5
Be7 9. Bxf6 Bxf6 10. O-O O-O 11. Bf3 Nd4 12. Re1 Re8 13. Qd3 Qb6 14. Rab1 a5 15.
Nd2 Bh4 16. g3 Bg5 17. Nf1 Qb4 18. Bg2 Bc4 19. Qd1 Qc5 20. Ne3 Bxe3 21. Rxe3 b5
22. b3 Be6 23. Rc1 Ra7 24. Bf1 Rc8 25. a4 bxa4 26. Nxa4 Qb4 27. Nb2 g6 28. Kh1
Rc3 29. Rxc3 Qxc3 30. Na4 Qc6 31. Bg2 Rc7 32. c4 Rb7 33. Rb1 Nxb3 34. Nb2 Nd4
35. f4 Rb4 36. fxe5 dxe5 37. Nd3 Rxb1 38. Qxb1 Qc7 39. c5 Bb3 40. Qb2 Bc2 41.
Nf2 Qxc5 42. Qb8+ Kg7 43. Ng4 Nc6 44. Qc8 a4 45. Nxe5 Qxe5 0-1

[Event "FINAL MISTRZOSTW POLSKI JUNIOROW 2018 - GRUPA  D16"]
[Site "Jastrzebia Gora"]
[Date "1899-12-30"]
[Round "2.12"]
[White "Michalska, Aleksandra"]
[Black "Tarka, Aleksandra"]
[Result "1/2-1/2"]
[WhiteTitle "I"]
[BlackTitle "I++"]
[WhiteElo "1661"]
[BlackElo "1761"]

1. e4 c6 2. d4 d5 3. exd5 cxd5 4. Bd3 Nc6 5. Ne2 Bg4 6. f3 Bh5 7. c3 e6 8. Bf4
Bd6 9. O-O Bg6 10. Qd2 Nge7 11. Bxd6 Qxd6 12. Na3 a6 13. Rac1 b5 14. Nc2 Rb8 15.
Rfd1 a5 16. Ne3 O-O 17. Ng4 b4 18. Bxg6 hxg6 19. Nf4 bxc3 20. bxc3 Rb7 21. Rb1
Rfb8 22. Rxb7 Rxb7 23. Nd3 Qa3 24. Rc1 Nf5 25. Nge5 Nxe5 26. dxe5 Rc7 27. Qb2
Qxb2 28. Nxb2 Nd4 29. Kf2 Nb5 30. c4 Rc5 31. Ke3 f6 32. f4 g5 33. g3 gxf4+ 34.
gxf4 Kf7 35. Kd3 dxc4+ 36. Nxc4 Rd5+ 37. Ke3 Nd4 38. Nd6+ Kg6 39. Rg1+ Kh7 40.
Ke4 fxe5 41. fxe5 Nc6 42. Nf7 Kg8 43. Nh6+ Kh7 44. Nf7 Kg8 45. Nh6+ Kf8 46. Rf1+
Ke8 1/2-1/2

[Event "FINAL MISTRZOSTW POLSKI JUNIOROW 2018 - GRUPA  D16"]
[Site "Jastrzebia Gora"]
[Date "1899-12-30"]
[Round "2.13"]
[White "Orlik, Sandra"]
[Black "Sawa, Daria"]
[Result "1-0"]
[WhiteTitle "I++"]
[BlackTitle "I"]
[WhiteElo "1699"]
[BlackElo "1432"]

1. e4 e5 2. Nf3 Nc6 3. Nc3 Nf6 4. d4 exd4 5. Nxd4 Bb4 6. Nxc6 bxc6 7. Bd3 d5 8.
exd5 cxd5 9. O-O O-O 10. Bg5 c6 11. Ne2 Bc5 12. c3 Be6 13. Qa4 Bd7 14. Nd4 Bxd4
15. Qxd4 Be6 16. Rfe1 Re8 17. Re3 h6 18. Bh4 g5 19. Bg3 Nd7 20. b4 Qb6 21. a4
c5 22. bxc5 Qxc5 23. Bb5 Qxd4 24. cxd4 Rec8 25. Rb3 a6 26. Bd3 Rc6 27. f3 Rac8
28. a5 Rc1+ 29. Rxc1 Rxc1+ 30. Kf2 Ra1 31. Bc7 Rc1 32. Rb7 Rc6 33. Ra7 Rc3 34.
Bxa6 Ra3 35. Be2 Kg7 36. Rb7 Ra2 37. g4 Ra3 38. a6 Kh7 39. a7 Kg7 40. Bb8 Ra2
41. Bd6 Ra4 42. Bb5 Ra2+ 43. Ke3 Nf6 44. Bc5 1-0

[Event "FINAL MISTRZOSTW POLSKI JUNIOROW 2018 - GRUPA  D16"]
[Site "Jastrzebia Gora"]
[Date "1899-12-30"]
[Round "2.14"]
[White "Choinska, Debora"]
[Black "Raczykowska, Paulina"]
[Result "0-1"]
[WhiteTitle "I"]
[BlackTitle "k"]
[WhiteElo "1503"]
[BlackElo "1897"]

1. e4 e5 2. Nf3 Nc6 3. Bc4 Nf6 4. d3 Be7 5. c3 O-O 6. O-O d5 7. exd5 Nxd5 8. Re1
Bg4 9. h3 Bh5 10. Nbd2 Nb6 11. Qe2 Nxc4 12. Nxc4 f6 13. b4 a6 14. Bb2 Re8 15.
Rad1 Bf8 16. Ne3 Qc8 17. Nf1 Bf7 18. Ba1 Qe6 19. a3 Rad8 20. Ng3 Qc8 21. Qc2 Kh8
22. Bb2 Bd5 23. Qe2 Ne7 24. c4 Bc6 25. Nh4 b6 26. Qh5 g6 27. Qe2 Ba4 28. Rc1 Qd7
29. Ne4 Bg7 30. Rc3 Nc6 31. Nf3 Nd4 32. Qd2 Nxf3+ 33. gxf3 Qxh3 34. Qe2 Bc6 35.
Rcc1 Bh6 36. Rc2 Bf4 37. Ng3 Bxg3 38. fxg3 Qxg3+ 39. Kf1 Bxf3 40. Qh2 Qxh2 41.
Rxh2 Rxd3 42. Rf2 Kg7 43. Kg1 Red8 44. Ref1 e4 45. Kh2 g5 46. Kg1 h5 47. Kh2 Kg6
48. Kg1 g4 49. Rh2 e3 50. Re1 Rd1 51. Kf1 Rxe1+ 52. Kxe1 Rd1# 0-1

[Event "FINAL MISTRZOSTW POLSKI JUNIOROW 2018 - GRUPA  D16"]
[Site "Jastrzebia Gora"]
[Date "1899-12-30"]
[Round "2.15"]
[White "Nowicka, Julia"]
[Black "Roszkiewicz, Anna"]
[Result "0-1"]
[WhiteTitle "I"]
[BlackTitle "I+"]
[WhiteElo "1283"]
[BlackElo "1693"]

1. e4 c5 2. Nf3 d6 3. d4 cxd4 4. Nxd4 Nf6 5. Nc3 a6 6. f3 e5 7. Nb3 Be6 8. Be3
Be7 9. Qd2 O-O 10. O-O-O a5 11. Kb1 a4 12. Nc1 Nc6 13. g4 Qb8 14. h4 d5 15. exd5
Nxd5 16. Nxd5 Bxd5 17. Qg2 Rd8 18. Bd3 b5 19. Bg5 b4 20. Bxe7 Nxe7 21. Rdf1 b3
22. a3 Qb7 23. c3 Rd6 24. g5 Ng6 25. Bxg6 fxg6 26. Qg4 Be6 27. Qg3 Bf5+ 28. Ka1
Qb5 29. Re1 Re8 30. Ne2 Qd3 31. Nd4 Rd5 32. Rd1 Qc4 33. Nxf5 gxf5 34. h5 Red8
35. Rde1 Qd3 36. Rb1 Qc2 37. Qh2 f4 38. Qg1 Rd2 39. h6 g6 40. Qa7 R2d7 41. Qxa4
Rd1 42. Rhxd1 Qxd1 43. Qe8+ Rxe8 44. Rxd1 e4 45. Re1 e3 46. Kb1 Re5 47. Rg1 Rd5
48. Kc1 Rd2 49. a4 Rd5 50. Rd1 Rxg5 51. c4 Ra5 52. Rd8+ Kf7 53. Kd1 Rxa4 54. Rd7+
Kf6 55. Rxh7 Rxc4 56. Rb7 Rd4+ 57. Ke1 Rd2 58. h7 Rh2 59. Kf1 g5 60. Rxb3 Rxh7
61. Rb6+ Kf5 62. Rb5+ Kg6 63. Rb6+ Kh5 64. Rb5 Kh4 65. Rb4 Kg3 66. Ke2 Rd7 67.
Rb5 Rd2+ 68. Ke1 Kxf3 69. b4 Rb2 70. Kd1 e2+ 0-1

[Event "FINAL MISTRZOSTW POLSKI JUNIOROW 2018 - GRUPA  D16"]
[Site "Jastrzebia Gora"]
[Date "1899-12-30"]
[Round "2.16"]
[White "Wolagiewicz, Kinga"]
[Black "Lascar, Maria Elena"]
[Result "0-1"]
[WhiteTitle "I"]
[BlackTitle "I+"]
[WhiteElo "1689"]
[BlackElo "1540"]

1. e4 c5 2. Nf3 e6 3. d4 cxd4 4. Nxd4 Bc5 5. Nb3 Bb6 6. Bd3 Ne7 7. O-O Nbc6 8.
Kh1 O-O 9. f4 f5 10. c4 fxe4 11. Bxe4 Nf5 12. c5 Bc7 13. Qd3 g6 14. Bd2 b6 15.
Bxc6 dxc6 16. Qe4 Qd5 17. Nc3 Qxe4 18. Nxe4 Ne7 19. Nd4 e5 20. fxe5 Bxe5 21. Nf3
Bxb2 22. Rab1 Bg7 23. cxb6 axb6 24. Rxb6 Rxa2 25. Bg5 Nf5 26. Rxc6 Bb7 27. Re6
Bd5 28. Nf6+ Bxf6 29. Rxf6 Rxf6 30. Bxf6 Ne3 31. Re1 Nxg2 32. Ra1 Rxa1+ 33. Bxa1
Bxf3 34. h3 Kf7 35. Kh2 Ke6 36. Kg3 Bd5 37. Bc3 Kf5 38. Bd2 g5 39. Kh2 h5 40.
Ba5 Nf4 41. Bd8 Ne6 42. Be7 Kf4 43. Bd6+ Kf3 44. Bg3 Nf4 45. Be1 Be6 46. h4 g4
47. Bg3 Ne2 48. Be1 g3+ 0-1

[Event "FINAL MISTRZOSTW POLSKI JUNIOROW 2018 - GRUPA  D16"]
[Site "Jastrzebia Gora"]
[Date "1899-12-30"]
[Round "2.17"]
[White "Sivickis, Wiktoria"]
[Black "Zygmunt, Patrycja"]
[Result "1-0"]
[WhiteTitle "I"]
[BlackTitle "I"]
[WhiteElo "1627"]
[BlackElo "1370"]

1. e4 e5 2. Nf3 Nc6 3. Bb5 d6 4. O-O a6 5. Ba4 Nf6 6. c3 Bg4 7. h3 Bh5 8. Re1 Be7
9. d3 O-O 10. Nbd2 b5 11. Bc2 Qd7 12. Nf1 Rad8 13. Ng3 Bg6 14. a3 Nh5 15. Nxe5
Nxe5 16. Nxh5 f5 17. Nf4 fxe4 18. d4 Nd3 19. Bxd3 exd3 20. Nxg6 hxg6 21. Qxd3
Kh7 22. Be3 Rf5 23. Re2 Rdf8 24. Rae1 Rh5 25. Bd2 Bd8 26. Re6 Qf7 27. f4 Rf5 28.
b3 Rf6 29. d5 Qd7 30. Qe4 Qf7 31. c4 Qd7 32. Bc3 Rf5 33. Bd4 Qf7 34. g3 Kh8 35.
c5 g5 36. g4 Bf6 37. gxf5 Bxd4+ 38. Qxd4 Qxf5 39. Re8 Rxe8 40. Rxe8+ Kh7 41. Qe4
Qxe4 42. Rxe4 dxc5 43. Re7 1-0

[Event "FINAL MISTRZOSTW POLSKI JUNIOROW 2018 - GRUPA  D16"]
[Site "Jastrzebia Gora"]
[Date "1899-12-30"]
[Round "2.18"]
[White "Bilczewska, Olga"]
[Black "Komorowska, Marcelina"]
[Result "1/2-1/2"]
[WhiteTitle "I+"]
[BlackTitle "II+"]
[WhiteElo "1609"]
[BlackElo "1209"]

1. e4 e6 2. d4 d5 3. Nc3 Nf6 4. Bg5 Be7 5. e5 Nfd7 6. h4 Nc6 7. Qg4 h5 8. Qf4 g6
9. O-O-O Bxg5 10. hxg5 Nb6 11. g4 Qe7 12. gxh5 Rxh5 13. Rxh5 gxh5 14. Be2 h4 15.
Qxh4 Qf8 16. Nb5 Kd7 17. Qh7 Ne7 18. Bh5 a6 19. Nc3 Ke8 20. Rd3 Nf5 21. g6 fxg6
22. Qxg6+ Kd8 23. Qg5+ Kd7 24. Rf3 Qe7 25. Qg8 Kc6 26. Nge2 Bd7 27. Qf7 Qg5+ 28.
Rf4 Rh8 29. Bg4 Nh6 30. Qf6 Qxf6 31. exf6 Nxg4 32. Rxg4 Rf8 33. Rf4 Be8 34. Ng1
Nd7 35. Nf3 Rxf6 36. Rxf6 Nxf6 37. Ne5+ Kd6 38. Ne2 c5 39. c3 Bh5 40. Nf4 cxd4
41. cxd4 Bg4 42. f3 Bf5 43. Kd2 Nd7 1/2-1/2

[Event "FINAL MISTRZOSTW POLSKI JUNIOROW 2018 - GRUPA  D16"]
[Site "Jastrzebia Gora"]
[Date "1899-12-30"]
[Round "3.1"]
[White "Kalinowska, Zuzanna"]
[Black "Budkiewicz, Magdalena"]
[Result "1-0"]
[WhiteTitle "k+"]
[BlackTitle "I++"]
[WhiteElo "1980"]
[BlackElo "1739"]

1. d4 f5 2. Nf3 Nf6 3. c4 g6 4. Nc3 Bg7 5. g3 O-O 6. Bg2 d6 7. O-O c6 8. b3 Qe8
9. Ba3 h6 10. Qc2 Qf7 11. Rad1 Na6 12. Rfe1 Nc7 13. h3 Rb8 14. e4 fxe4 15. Nxe4
Nh5 16. Re3 b5 17. Rde1 b4 18. Bb2 Re8 19. Qe2 Ba6 20. Ned2 Nd5 21. Re6 Bf6 22.
Qd1 Nc7 23. R6e3 c5 24. Qb1 cxd4 25. Bxd4 e5 26. Bb2 Ng7 27. Ne4 Red8 28. Nxf6+
Qxf6 29. Nxe5 dxe5 30. Bxe5 Qb6 31. Bxc7 Qxc7 32. Qxg6 Qb6 33. Re6 Qd4 34. Bd5
1-0

[Event "FINAL MISTRZOSTW POLSKI JUNIOROW 2018 - GRUPA  D16"]
[Site "Jastrzebia Gora"]
[Date "1899-12-30"]
[Round "3.2"]
[White "Malicka, Maria"]
[Black "Waszczuk, Patrycja"]
[Result "1/2-1/2"]
[WhiteTitle "WCM"]
[BlackTitle "k"]
[WhiteElo "2135"]
[BlackElo "1927"]

1. e4 d6 2. d4 Nf6 3. Nc3 g6 4. f4 Bg7 5. Nf3 O-O 6. e5 dxe5 7. fxe5 Nh5 8. Be2
Bg4 9. O-O f6 10. Be3 Nd7 11. e6 Nb6 12. d5 f5 13. h3 Bxf3 14. Bxf3 Ng3 15. Re1
f4 16. Bd4 Nf5 17. Bxg7 Kxg7 18. Qd3 Qd6 19. b3 Rad8 20. Kh1 c6 21. dxc6 Qb4 22.
Nd5 Nxd5 23. Bxd5 bxc6 24. Qc4 Qxc4 25. Bxc4 Rd2 26. Bd3 Ne3 27. Be4 Rfd8 28.
g3 R8d4 29. Bd3 Nxc2 30. Bxc2 Rxc2 31. gxf4 Rdd2 32. Rac1 Kf6 33. a4 Kf5 34. Re5+
Kxf4 35. Rc5 Rxc1+ 36. Rxc1 Rd6 37. Kg2 Rxe6 38. Rf1+ Kg5 39. Rf8 Re2+ 40. Kf3
Rb2 41. Rb8 Kf5 42. Rb7 e5 43. Rf7+ Ke6 44. Rxa7 Rxb3+ 45. Kg4 h5+ 46. Kg5 Rg3+
47. Kh4 Rg2 48. a5 e4 49. Ra8 Kd5 50. a6 Kc5 51. a7 Kb6 52. Rb8+ Kxa7 53. Rb7+
Ka6 54. Rb6+ Ka5 55. Rb5+ Ka4 56. Rb4+ Ka3 57. Rb3+ Ka2 58. Ra3+ Kb1 59. Ra1+
1/2-1/2

[Event "FINAL MISTRZOSTW POLSKI JUNIOROW 2018 - GRUPA  D16"]
[Site "Jastrzebia Gora"]
[Date "1899-12-30"]
[Round "3.3"]
[White "Furtak, Joanna"]
[Black "Kucharska, Honorata"]
[Result "0-1"]
[WhiteTitle "I++"]
[BlackTitle "WFM"]
[WhiteElo "1683"]
[BlackElo "2082"]

1. e4 d6 2. d4 Nf6 3. Nc3 e5 4. Nge2 Nbd7 5. g3 Be7 6. Bg2 O-O 7. O-O c6 8. a4
a5 9. h3 h6 10. g4 Nh7 11. Be3 Qc7 12. Qd2 Re8 13. Rad1 Ndf8 14. Ng3 Ng6 15. Nf5
Bxf5 16. exf5 Nh4 17. dxe5 dxe5 18. Qd7 Qb8 19. Ne4 Nxg2 20. Kxg2 Nf6 21. Nxf6+
Bxf6 22. Bb6 e4 23. c3 Qf4 24. Bc7 Qf3+ 25. Kh2 Re7 26. Qd6 Be5+ 27. Qxe5 Rxe5
28. Bxe5 Re8 29. Bg3 Qe2 30. b4 Qc2 31. Rc1 Qxa4 32. Ra1 Qb3 33. bxa5 e3 34. fxe3
Rxe3 35. Bd6 Re2+ 36. Kg1 Qd5 0-1

[Event "FINAL MISTRZOSTW POLSKI JUNIOROW 2018 - GRUPA  D16"]
[Site "Jastrzebia Gora"]
[Date "1899-12-30"]
[Round "3.4"]
[White "Kulpa, Zuzanna"]
[Black "Harazinska, Magdalena"]
[Result "1/2-1/2"]
[WhiteTitle "I++"]
[BlackTitle "k"]
[WhiteElo "1839"]
[BlackElo "2053"]

1. d4 d5 2. c4 dxc4 3. Nf3 a6 4. a4 Nf6 5. e3 Nc6 6. Bxc4 Bg4 7. Nbd2 e6 8. O-O
Be7 9. b3 O-O 10. Bb2 Nb4 11. Rc1 c6 12. Be2 Nd7 13. Nc4 Bf5 14. Nfe5 Nxe5 15.
Nxe5 Bd6 16. Rc4 a5 17. h3 Bxe5 18. dxe5 Qxd1 19. Rxd1 Bc2 20. Rd7 Bxb3 21. Rf4
b6 22. Ba3 c5 23. Bb5 Nd5 24. Rf3 Bd1 25. Rg3 Rfd8 26. Rd6 Rxd6 27. exd6 f6 28.
e4 Nf4 29. Kf1 Rd8 30. Bc1 e5 31. d7 Bc2 32. Re3 Kf8 33. f3 Ne6 34. Bb2 Ke7 35.
Ke2 Bb1 36. Ra3 Nf4+ 37. Kd2 Nxg2 38. Ra1 Bxe4 39. fxe4 Nf4 40. Rg1 g6 41. h4
Ne6 42. Rd1 1/2-1/2

[Event "FINAL MISTRZOSTW POLSKI JUNIOROW 2018 - GRUPA  D16"]
[Site "Jastrzebia Gora"]
[Date "1899-12-30"]
[Round "3.5"]
[White "Czarniecka, Aleksandra"]
[Black "Filipska, Maja"]
[Result "1-0"]
[WhiteTitle "k"]
[BlackTitle "I++"]
[WhiteElo "2015"]
[BlackElo "1708"]

1. e4 d6 2. d4 Nf6 3. Nc3 g6 4. f4 Bg7 5. Nf3 c5 6. Bb5+ Bd7 7. Bxd7+ Nfxd7 8.
d5 Qa5 9. Qd3 Na6 10. O-O O-O 11. Ne2 b5 12. c3 c4 13. Qc2 Nac5 14. Ned4 Nd3 15.
Be3 Nf6 16. Ne1 Ng4 17. Bd2 Nxe1 18. Raxe1 Qb6 19. Kh1 Bxd4 20. cxd4 Qxd4 21.
Bc3 Qb6 22. Qd2 h5 23. h3 Nh6 24. f5 Kh7 25. Rf3 Rg8 26. Qg5 f6 27. fxg6+ Rxg6
28. Qxh5 Rag8 29. Bd2 Qd4 30. Bc3 Qc5 31. g4 b4 32. Bd2 Qd4 33. Bc1 c3 34. bxc3
bxc3 35. Qh4 Rb8 36. Qg3 c2 37. Rc3 Qd1 38. Rd3 Rxg4 39. hxg4 Qxg4 40. Qxg4 Nxg4
41. Rh3+ 1-0

[Event "FINAL MISTRZOSTW POLSKI JUNIOROW 2018 - GRUPA  D16"]
[Site "Jastrzebia Gora"]
[Date "1899-12-30"]
[Round "3.6"]
[White "Sowa, Wiktoria"]
[Black "Moscicka, Pola"]
[Result "1-0"]
[WhiteTitle "k"]
[BlackTitle "k+"]
[WhiteElo "1993"]
[BlackElo "1868"]

1. e4 c5 2. Nf3 e6 3. d4 cxd4 4. Nxd4 Nf6 5. Nc3 Nc6 6. Ndb5 Bb4 7. a3 Bxc3+ 8.
Nxc3 d5 9. exd5 exd5 10. Bd3 O-O 11. O-O d4 12. Ne2 Qd5 13. Nf4 Qd6 14. Nh5 Nxh5
15. Qxh5 f5 16. f4 Be6 17. Bd2 Rf6 18. Rfe1 Bf7 19. Qf3 Bd5 20. Qf1 Rg6 21. Re2
Qf6 22. Rae1 Rf8 23. b4 Nd8 24. b5 Nf7 25. Bb4 Nd6 26. g3 Ne4 27. Bxe4 fxe4 28.
Bxf8 Kxf8 29. Rxe4 Bxe4 30. Rxe4 Qd8 31. Qd3 Rd6 32. Re5 g6 33. Kg2 Rd7 34. h4
Rc7 35. c4 Rd7 36. h5 Qf6 37. hxg6 hxg6 38. Kf3 a6 39. a4 axb5 40. axb5 b6 41.
Rd5 Rxd5 42. cxd5 Kf7 43. Ke4 g5 44. Qxd4 Qe7+ 45. Kf3 Qa3+ 46. Kg4 Qd6 47. Qd3
1-0

[Event "FINAL MISTRZOSTW POLSKI JUNIOROW 2018 - GRUPA  D16"]
[Site "Jastrzebia Gora"]
[Date "1899-12-30"]
[Round "3.7"]
[White "Hryn, Zofia"]
[Black "Rudzinska, Michalina"]
[Result "0-1"]
[WhiteTitle "I++"]
[BlackTitle "k+"]
[WhiteElo "1574"]
[BlackElo "2066"]

1. d4 c5 2. Nf3 cxd4 3. Nxd4 e6 4. e4 a6 5. c4 Nf6 6. Bd3 Nc6 7. Nxc6 dxc6 8. O-O
e5 9. b3 Bc5 10. Bb2 Qe7 11. Nd2 Bg4 12. Nf3 Rd8 13. Qe2 Nh5 14. g3 Qf6 15. Kg2
Bxf3+ 16. Qxf3 Qxf3+ 17. Kxf3 Rxd3+ 18. Ke2 Rd6 19. Bxe5 Re6 20. f4 f6 21. g4
fxe5 22. f5 Nf4+ 23. Rxf4 exf4 24. fxe6 Ke7 25. Rd1 Kxe6 26. Kf3 Be3 27. h3 Ke7
0-1

[Event "FINAL MISTRZOSTW POLSKI JUNIOROW 2018 - GRUPA  D16"]
[Site "Jastrzebia Gora"]
[Date "1899-12-30"]
[Round "3.8"]
[White "Roszkiewicz, Anna"]
[Black "Jarocka, Liwia"]
[Result "0-1"]
[WhiteTitle "I+"]
[BlackTitle "FM"]
[WhiteElo "1693"]
[BlackElo "1989"]

1. e4 c5 2. Nf3 e6 3. d4 cxd4 4. Nxd4 Nf6 5. Nc3 d6 6. Be2 a6 7. Be3 Be7 8. O-O
Qc7 9. Nb3 Nbd7 10. f4 b5 11. Bf3 Bb7 12. a3 O-O 13. Qe1 Rac8 14. Rc1 Nb6 15.
Na5 Ba8 16. Qf2 Nfd7 17. Rfd1 Rfd8 18. Bd4 Bf6 19. Bxf6 Nxf6 20. Qd4 d5 21. e5
Ne4 22. Bxe4 dxe4 23. Qe3 Rxd1+ 24. Rxd1 Nd5 25. Nxd5 Bxd5 26. Nb3 Bxb3 27. Qxb3
h6 28. Rd2 Qc5+ 29. Kf1 a5 30. Ke2 Qg1 31. Qg3 b4 32. axb4 axb4 33. h3 Rc4 34.
Qf2 Qc1 35. c3 bxc3 36. bxc3 Rxc3 37. Qd4 Rc2 38. g4 Rc4 39. Qb2 Qh1 40. Qb3 Qg2+
41. Ke1 Rc1+ 42. Rd1 e3 43. Qxe3 Qh1+ 0-1

[Event "FINAL MISTRZOSTW POLSKI JUNIOROW 2018 - GRUPA  D16"]
[Site "Jastrzebia Gora"]
[Date "1899-12-30"]
[Round "3.9"]
[White "Raczykowska, Paulina"]
[Black "Michalska, Aleksandra"]
[Result "1-0"]
[WhiteTitle "k"]
[BlackTitle "I"]
[WhiteElo "1897"]
[BlackElo "1661"]

1. e4 e5 2. Nf3 Nc6 3. Nc3 Nf6 4. d4 exd4 5. Nxd4 Bb4 6. Nxc6 bxc6 7. Bd3 d6 8.
Bd2 Qe7 9. O-O O-O 10. Qf3 Qe5 11. h3 Bb7 12. a3 Ba5 13. b4 Bb6 14. Ne2 c5 15.
Bc3 Qh5 16. Qf4 Qg6 17. bxc5 Bxc5 18. Ng3 Nh5 19. Nxh5 Qxh5 20. Kh2 Rae8 21. Rae1
Re6 22. Qc1 d5 23. Qb2 Rb6 24. Qa1 f6 25. Bd4 Bxd4 26. Qxd4 dxe4 27. Bxe4 Qf7
28. Re3 c5 29. Qxc5 Rc8 30. Qd4 Qc7+ 31. Kg1 Rd8 32. Qa4 Bxe4 33. Rxe4 Rc6 34.
Rfe1 h6 35. Re7 Rd7 36. Re8+ Kf7 37. Qb4 Rcd6 38. Qb3+ Kg6 39. Qg3+ Kf7 40. Qb3+
Kg6 41. Qg3+ Kf7 42. Qf3 Qxc2 43. Qh5+ g6 44. Qxh6 g5 45. Rf8# 1-0

[Event "FINAL MISTRZOSTW POLSKI JUNIOROW 2018 - GRUPA  D16"]
[Site "Jastrzebia Gora"]
[Date "1899-12-30"]
[Round "3.10"]
[White "Tarka, Aleksandra"]
[Black "Sivickis, Wiktoria"]
[Result "1/2-1/2"]
[WhiteTitle "I++"]
[BlackTitle "I"]
[WhiteElo "1761"]
[BlackElo "1627"]

1. e4 c5 2. d3 e6 3. g3 Nc6 4. Bg2 g6 5. f4 Bg7 6. Nf3 Nge7 7. O-O O-O 8. c3 d5
9. Na3 a6 10. e5 b6 11. Nc2 Rb8 12. Qe1 Qc7 13. g4 f6 14. exf6 Bxf6 15. d4 c4
16. Bh3 Nd8 17. Be3 Nf7 18. Bf2 Nd6 19. g5 Bg7 20. Bxe6+ Bxe6 21. Qxe6+ Kh8 22.
Bg3 Ne4 23. Kg2 Rbd8 24. Qh3 Nf5 25. Nh4 Kg8 26. Rae1 a5 27. Ne3 Qd7 28. Ng4 Rde8
29. Nxf5 gxf5 30. Nf2 Nd2 31. Rg1 Re6 32. Nd1 Rfe8 33. Rxe6 Rxe6 34. Re1 Qe8 35.
Rxe6 Qxe6 36. Kf2 Ne4+ 37. Kf1 b5 38. Ne3 Nxg3+ 39. Qxg3 Qe4 40. Qf2 b4 41. Nd1
h6 42. Qe3 1/2-1/2

[Event "FINAL MISTRZOSTW POLSKI JUNIOROW 2018 - GRUPA  D16"]
[Site "Jastrzebia Gora"]
[Date "1899-12-30"]
[Round "3.11"]
[White "Skiba, Aleksandra"]
[Black "Hryn, Aleksandra"]
[Result "1/2-1/2"]
[WhiteTitle "I+"]
[BlackTitle "I"]
[WhiteElo "1734"]
[BlackElo "1558"]

1. d4 Nf6 2. c4 e6 3. Nc3 Bb4 4. e3 O-O 5. Bd3 d5 6. a3 Bxc3+ 7. bxc3 dxc4 8. Bxc4
c5 9. Ne2 Qc7 10. Bd3 b6 11. O-O Bb7 12. f3 e5 13. dxe5 Qxe5 14. e4 c4 15. Bc2
Nbd7 16. Bf4 Qc5+ 17. Qd4 Rfd8 18. Qxc5 Nxc5 19. Nd4 Nh5 20. Be3 g6 21. Rfd1 f6
22. a4 Ng7 23. Rab1 Ba6 24. Nc6 Rxd1+ 25. Rxd1 Nge6 26. Nb4 Bb7 27. Kf2 Kf7 28.
g3 a6 29. Nd5 b5 30. Nb6 Re8 31. Rd6 Ke7 32. Rd1 Kf7 33. Rd6 Ke7 1/2-1/2

[Event "FINAL MISTRZOSTW POLSKI JUNIOROW 2018 - GRUPA  D16"]
[Site "Jastrzebia Gora"]
[Date "1899-12-30"]
[Round "3.12"]
[White "Karlyk, Maria"]
[Black "Orlik, Sandra"]
[Result "1-0"]
[WhiteTitle "I"]
[BlackTitle "I++"]
[WhiteElo "1636"]
[BlackElo "1699"]

1. e4 c5 2. Nc3 Nc6 3. d3 d6 4. g3 g6 5. Bg2 Bg7 6. Be3 Rb8 7. Qd2 b5 8. Nge2 b4
9. Nd1 Nd4 10. f4 e6 11. O-O Ne7 12. Bxd4 cxd4 13. g4 f5 14. Bh3 O-O 15. Qe1 Qc7
16. Rf2 Qxc2 17. Nec3 1-0